Giáo trình đồ họa máy tính = Computer graphics

Na minha lista:
Detalhes bibliográficos
Autor principal: Nguyễn Tiến
Formato: Livro
Idioma:Undetermined
Publicado em: Hà Nội Thống Kê 2001
Assuntos:
Tags: Adicionar Tag
Sem tags, seja o primeiro a adicionar uma tag!
Thư viện lưu trữ: Trung tâm Học liệu Trường Đại học Cần Thơ
LEADER 00554nam a2200181Ia 4500
001 CTU_42180
008 210402s9999 xx 000 0 und d
082 |a 006.68 
082 |b T305 
100 |a Nguyễn Tiến 
245 0 |a Giáo trình đồ họa máy tính 
245 0 |b = Computer graphics 
245 0 |c Nguyễn Tiến, Ngô Quốc Việt 
260 |a Hà Nội 
260 |b Thống Kê 
260 |c 2001 
650 |a computer graphics - computer programs 
980 |a Trung tâm Học liệu Trường Đại học Cần Thơ